书目信息 |
| 题名: |
微时代背景下外语教学整合研究
|
|
| 作者: | 宁雅南 著 | |
| 分册: | ||
| 出版信息: | 北京 光明日报出版社 2017 |
|
| 页数: | 241页 | |
| 开本: | 26cm | |
| 丛书名: | ||
| 单 册: | ||
| 中图分类: | H3-42 | |
| 科图分类: | ||
| 主题词: | 外语教学--整合--教学研究 | |
| 电子资源: | ||
| ISBN: | 978-7-5194-1128-2 | |
| 000 | 00957nam0 2200229 450 | |
| 001 | 012001004927 | |
| 005 | 20140928162350.0 | |
| 010 | @a978-7-5194-1128-2@dCNY50.00 | |
| 100 | @a20170905d2017 em y0chiy50 ea | |
| 101 | 0 | @achi |
| 102 | @aCN@b110000 | |
| 105 | @aa z 000yy | |
| 106 | @ar | |
| 200 | 1 | @a微时代背景下外语教学整合研究@9wei shi dai bei jing xia wai yu jiao xue zheng he yan jiu@f宁雅南 著 |
| 210 | @a北京@c光明日报出版社@d2017 | |
| 215 | @a241页@c照片@d26cm | |
| 330 | @a本书对外语教学法进行整合式研究,涵盖了多样的、最新的外语教学策略与理念,且将教学理论与教学实践有机地融为一体,其次,本书在提升学习者外语水平的同时,从提升外语学习者批判性思维能力与跨文化交流能力的角度,探究与整合外语教学的策略,为现代外语教学的研究、教师的教学以及学生的学习提供一定的参照。 | |
| 606 | 0 | @a外语教学@x整合@x教学研究 |
| 690 | @aH3-42@v5 | |
| 701 | 0 | @a宁雅南@9ning ya nan@4著 |
| 801 | 0 | @aCN@b上海新华@c20180901 |
| 905 | @b1171889-93@dH3-42@e29@f5 | |
| 微时代背景下外语教学整合研究/宁雅南 著.-北京:光明日报出版社,2017 |
| 241页:照片;26cm |
| ISBN 978-7-5194-1128-2:CNY50.00 |
| 本书对外语教学法进行整合式研究,涵盖了多样的、最新的外语教学策略与理念,且将教学理论与教学实践有机地融为一体,其次,本书在提升学习者外语水平的同时,从提升外语学习者批判性思维能力与跨文化交流能力的角度,探究与整合外语教学的策略,为现代外语教学的研究、教师的教学以及学生的学习提供一定的参照。 |
| ● |
| 相关链接 |
|
|
|
|
正题名:微时代背景下外语教学整合研究
索取号:H3-42/29
 
预约/预借
| 序号 | 登录号 | 条形码 | 馆藏地/架位号 | 状态 | 备注 |
| 1 | 1129460 | 211294605 | 第四借阅区/ [索取号:H3-42/29] | 在馆 | |
| 2 | 1129461 | 211294614 | 第四借阅区/ [索取号:H3-42/29] | 在馆 | |
| 3 | 1129462 | 211294623 | 第四借阅区/ [索取号:H3-42/29] | 在馆 | |
| 4 | 1129463 | 211294632 | 第四借阅区/ [索取号:H3-42/29] | 在馆 | |
| 5 | 1129464 | 211294641 | 密集书库—外国语学院/ [索取号:H3-42/29] | 在馆 | |
| 6 | 1171889 | 211718890 | 第二样本阅览室/ [索取号:H3-42/29] | 在馆 | |
| 7 | 1171890 | 211718907 | 密集书库—外国语学院/ [索取号:H3-42/29] | 在馆 | |
| 8 | 1171891 | 211718916 | 第四借阅区/ [索取号:H3-42/29] | 在馆 | |
| 9 | 1171892 | 211718925 | 第四借阅区/ [索取号:H3-42/29] | 在馆 | |
| 10 | 1171893 | 211718934 | 第四借阅区/ [索取号:H3-42/29] | 在馆 |